Vegyes Szovjet-Oroszország iskolaügye /

Elmentve itt :
Bibliográfiai részletek
Szerző: Kemény Ferenc
Dokumentumtípus: Cikk
Megjelent: 1921
Sorozat:Magyar pedagógia : a Magyar Tudományos Akadémia Pedagógiai Bizottságának folyóirata 30
Kulcsszavak:Oktatásügy orosz
Online Access:http://misc.bibl.u-szeged.hu/10061
LEADER 00651nab a2200181 i 4500
001 misc10061
005 20191106143259.0
008 170607s1921 hu o 0|| hun d
022 |a 0025-0260 
040 |a SZTE Miscellanea Repozitórium  |b hun 
041 |a hun 
100 1 |a Kemény Ferenc 
245 1 0 |a Vegyes   |h [elektronikus dokumentum] :  |b Szovjet-Oroszország iskolaügye /  |c  Kemény Ferenc 
260 |c 1921 
300 |a 127-128 
490 0 |a Magyar pedagógia : a Magyar Tudományos Akadémia Pedagógiai Bizottságának folyóirata  |v 30 
695 |a Oktatásügy orosz 
856 4 0 |u http://misc.bibl.u-szeged.hu/10061/1/mp_1921_127-128.pdf  |z Dokumentum-elérés